México: La educación hoy /

Salvato in:
Dettagli Bibliografici
Autore principale: Guevara González, Iris
Natura: testo
Tags: Aggiungi Tag
Nessun Tag, puoi essere il primo ad aggiungerne!!

MARC

LEADER 00000 a a2200000 04500
001 45772
003
040 |a CRAI/IIS  |c CRAI/IIS 
100 |a Guevara González, Iris  
245 |a México:   |b La educación hoy /  |c Iris Guevara González  
773 |g número43 (1989), páginas 3-4  
999 |c 18458  |d 18458